Aespa Songs by the English Lyrics - Statistics

General Stats
  • This quiz has been taken 701 times
  • The average score is 6 of 11
Answer Stats
Hint Answer % Correct
"Oh my gosh!" Savage
78%
"Hold up, what? (Oh my God)/You say what?" Drama
75%
"Yummy, yummy, yummy in your tummy, tummy, tummy" Illusion
73%
"I'm sorry that it hurt you/Not sorry, not sorry/Aespa, big girls making money" Better Things
57%
"Freak, what's hiding underneath(I see)" Spicy
57%
"Do you wanna upside down?" Dreams Come True
50%
"Why would I ever stop?" Life's Too Short
50%
"Monochrome to colors" Black Mamba
49%
"(Too hot, too hot)" Next Level
49%
"You're done" Salty & Sweet
39%
"Part of my heart" Girls
31%
No matching quizzes found
Score Distribution
Percent of People with Each Score
Percentile by Number Answered
Your Score History
You have not taken this quiz